[Event "Vecindario Montalvo Memorial 17th"]
[Site "Vecindario"]
[Date "2025.04.20"]
[Round "9"]
[White "Garcia Padron, Jose"]
[Black "Fiorito, Fabian"]
[Result "1/2-1/2"]
[WhiteElo "2355"]
[BlackElo "2268"]
[PlyCount "117"]
[EventDate "2025.04.12"]
[EventType "swiss"]
[EventRounds "9"]
[EventCountry "ESP"]
[SourceTitle "CB17_2025"]
[SourceDate "2025.04.23"]
[SourceVersion "1"]
[SourceVersionDate "2025.04.23"]
[SourceQuality "1"]

1. Nf3 Nf6 2. c4 b6 3. g3 Bb7 4. Bg2 g6 5. 0-0 Bg7 6. d4 0-0 7. Nc3 Ne4 8. Nxe4 Bxe4 9. Be3 d6 10. Qd2 Nd7 11. Bh6 Nf6 12. Bxg7 Kxg7 13. d5 c5 14. Nh4 Bxg2 15. Nxg2 Qd7 16. f3 b5 17. g4 bxc4 18. g5 Nh5 19. Rac1 f6 20. gxf6+ Rxf6 21. Rxc4 Raf8 22. b4 cxb4 23. Rxb4 Kg8 24. Rfb1 R6f7 25. a4 Qf5 26. Ne3 Qh3 27. Rb8 Nf4 28. Rxf8+ Rxf8 29. Kh1 Qh4 30. Ng2 Nxg2 31. Kxg2 Qxa4 32. Rb7 Qh4 33. Qe3 Rf7 34. Rxa7 Kg7 35. Rc7 Qf6 36. Qe4 Qg5+ 37. Kf2 Qf6 38. h4 h5 39. Rc1 Qf4 40. Rc4 Qf6 41. Qe3 Qf5 42. Rd4 Kg8 43. Kg2 Rg7 44. Kf2 Kh7 45. Qg5 Qf8 46. Re4 Rf7 47. Re6 Rf6 48. Re4 Qf7 49. Qe3 Qxd5 50. Rxe7+ Rf7 51. Re8 Rg7 52. Rc8 g5 53. Qe8 gxh4 54. Qh8+ Kg6 55. Qe8+ Kh7 56. Qh8+ Kg6 57. Rc1 Qd4+ 58. Kg2 Kf7+ 59. Kh1 1/2-1/2

[Event "Vecindario Montalvo Memorial 17th"]
[Site "Vecindario"]
[Date "2025.04.17"]
[Round "6"]
[White "Martinez Gonzalez, Miguel A"]
[Black "Garcia Padron, Jose"]
[Result "0-1"]
[WhiteElo "1965"]
[BlackElo "2355"]
[PlyCount "68"]
[EventDate "2025.04.12"]
[EventType "swiss"]
[EventRounds "9"]
[EventCountry "ESP"]
[SourceTitle "CB17_2025"]
[SourceDate "2025.04.23"]
[SourceVersion "1"]
[SourceVersionDate "2025.04.23"]
[SourceQuality "1"]

1. e4 e5 2. Nf3 Nc6 3. d4 exd4 4. Bc4 Nf6 5. e5 d5 6. Bb5 Ne4 7. Nxd4 Bd7 8. Bxc6 bxc6 9. 0-0 Bc5 10. f3 Ng5 11. f4 Ne4 12. Be3 Bb6 13. c3 c5 14. Nc2 Bc6 15. a4 a5 16. Qg4 g6 17. Rd1 Qe7 18. Nd2 f5 19. exf6 Nxf6 20. Qh4 0-0 21. Re1 Qd7 22. Nf3 Qf5 23. Ne5 Bb7 24. Rac1 Ne4 25. Ng4 Qd7 26. b4 axb4 27. cxb4 d4 28. f5 dxe3 29. Rcd1 Qg7 30. fxg6 cxb4 31. Ncxe3 Qxg6 32. Rd7 Nf6 33. Nh6+ Kh8 34. Re7 Qxg2# 0-1

[Event "Vecindario Montalvo Memorial 17th"]
[Site "Vecindario"]
[Date "2025.04.12"]
[Round "1"]
[White "Garcia Padron, Jose"]
[Black "Arlet, Benjamin Andres"]
[Result "1-0"]
[WhiteElo "2355"]
[BlackElo "1721"]
[PlyCount "109"]
[EventDate "2025.04.12"]
[EventType "swiss"]
[EventRounds "9"]
[EventCountry "ESP"]
[SourceTitle "CB17_2025"]
[SourceDate "2025.04.23"]
[SourceVersion "1"]
[SourceVersionDate "2025.04.23"]
[SourceQuality "1"]

1. d4 Nf6 2. Nf3 c5 3. e3 e6 4. c4 cxd4 5. exd4 Bb4+ 6. Nc3 b6 7. Bd3 Bb7 8. 0-0 0-0 9. Qe2 d5 10. cxd5 Nxd5 11. Qe4 g6 12. Bg5 Qc7 13. Nb5 Qc8 14. Rac1 Qe8 15. Nc7 Qd7 16. Ne5 Nxc7 17. Nxd7 Bxe4 18. Nf6+ Kg7 19. Bxe4 h6 20. Bh4 Nba6 21. Bxa8 Rxa8 22. a3 g5 23. Bg3 Bd2 24. Rc2 Kxf6 25. Bxc7 Nxc7 26. Rxc7 b5 27. Rd1 Ba5 28. Rc5 a6 29. Rc6 Ke7 30. d5 Kd7 31. b4 Bd8 32. Rc3 exd5 33. Rxd5+ Ke6 34. Rd1 Kf6 35. g3 Be7 36. Rc7 a5 37. Re1 Bf8 38. Re3 axb4 39. Rf3+ Kg6 40. axb4 f6 41. Rc6 Be7 42. Rb6 Ra4 43. Rxb5 Rxb4 44. Rxb4 Bxb4 45. Rb3 Bd6 46. g4 h5 47. h3 h4 48. Kg2 Be5 49. Kf3 f5 50. Rb6+ Bf6 51. Ra6 fxg4+ 52. Kxg4 Kg7 53. Kf5 Bd4 54. Rg6+ Kf7 55. Kxg5 1-0

[Event "Vecindario rapid op 2nd"]
[Site "Vecindario"]
[Date "2024.11.01"]
[Round "1"]
[White "Garcia Padron, Jose"]
[Black "Morales Sanchez, Domingo"]
[Result "1-0"]
[WhiteElo "2261"]
[BlackElo "1658"]
[PlyCount "51"]
[EventDate "2024.11.01"]
[EventType "swiss"]
[EventRounds "9"]
[EventCountry "ESP"]
[SourceTitle "CB45_2024"]
[Source "ChessBase"]
[SourceDate "2024.11.06"]
[SourceVersion "1"]
[SourceVersionDate "2024.11.06"]
[SourceQuality "1"]

1. d4 d5 2. c4 e6 3. Nc3 Nf6 4. Bg5 Be7 5. e3 Nbd7 6. Nf3 0-0 7. Qc2 c6 8. Rd1 Qc7 9. cxd5 exd5 10. Bd3 h6 11. Bh4 Re8 12. 0-0 Nb6 13. Ne5 Nfd7 14. Bxe7 Rxe7 15. f4 Nxe5 16. fxe5 Be6 17. Qf2 c5 18. Nb5 Qc6 19. Nd6 Nc8 20. Nf5 Bxf5 21. Qxf5 g6 22. Qf4 h5 23. Rf3 c4 24. Bxg6 fxg6 25. Qf8+ Kh7 26. Rff1 1-0

[Event "San Cristobal de La Laguna op-A 6th"]
[Site "San Cristobal de La Laguna"]
[Date "2024.08.30"]
[Round "8"]
[White "Garcia Padron, Jose"]
[Black "Xu, Yang1"]
[Result "0-1"]
[WhiteElo "2378"]
[BlackElo "2197"]
[PlyCount "99"]
[EventDate "2024.08.24"]
[EventType "swiss"]
[EventRounds "9"]
[EventCountry "ESP"]
[SourceTitle "CBM 221 Extra"]
[Source "ChessBase"]
[SourceDate "2024.09.30"]
[SourceVersion "1"]
[SourceVersionDate "2024.09.30"]
[SourceQuality "1"]

1. Nf3 Nf6 2. d4 e6 3. e3 b6 4. Bd3 Bb7 5. b3 Bb4+ 6. c3 Be7 7. Nbd2 d5 8. Ne5 Nbd7 9. f4 0-0 10. Qf3 Ne8 11. Bb5 Nxe5 12. fxe5 f5 13. 0-0 c5 14. Bd3 Nc7 15. Bb2 b5 16. Rf2 b4 17. dxc5 Bxc5 18. cxb4 Bxb4 19. Bd4 Ba6 20. Bxa6 Nxa6 21. a3 Bc5 22. b4 Bb6 23. Qe2 Nb8 24. Nb3 Nd7 25. Rc1 Rc8 26. Rxc8 Qxc8 27. Qd3 Qb8 28. Nc5 Nxe5 29. Bxe5 Qxe5 30. g3 Bxc5 31. bxc5 Rc8 32. Qd4 Qe4 33. Rb2 e5 34. Qxe4 fxe4 35. Rb5 a6 36. Rb6 Rxc5 37. Rxa6 d4 38. exd4 exd4 39. Rd6 Rc4 40. Kf2 Kf7 41. g4 Ke7 42. Rb6 g5 43. Rb5 Rc2+ 44. Ke1 Kd6 45. a4 e3 46. Rb8 Ke5 47. Re8+ Kf4 48. Kd1 Rxh2 49. a5 Ra2 50. Ke1 0-1

[Event "San Cristobal de La Laguna op-A 6th"]
[Site "San Cristobal de La Laguna"]
[Date "2024.08.29"]
[Round "7"]
[White "Fiorito, Joaquin"]
[Black "Garcia Padron, Jose"]
[Result "1-0"]
[WhiteElo "2403"]
[BlackElo "2378"]
[PlyCount "49"]
[EventDate "2024.08.24"]
[EventType "swiss"]
[EventRounds "9"]
[EventCountry "ESP"]
[SourceTitle "CBM 221 Extra"]
[Source "ChessBase"]
[SourceDate "2024.09.30"]
[SourceVersion "1"]
[SourceVersionDate "2024.09.30"]
[SourceQuality "1"]

1. d4 Nf6 2. c4 e6 3. Nc3 d5 4. cxd5 exd5 5. Bg5 Nbd7 6. e3 c6 7. Bd3 Bd6 8. Nf3 Nf8 9. 0-0 Ng6 10. e4 dxe4 11. Bxf6 Qxf6 12. Nxe4 Qd8 13. Nxd6+ Qxd6 14. Re1+ Kf8 15. Qb3 Nf4 16. Ne5 Ne6 17. Bf5 g6 18. Bxe6 Qxe6 19. Qc3 Qd5 20. Nc4 Rg8 21. Ne3 Qd6 22. d5 cxd5 23. Nxd5 Bg4 24. Nf6 Rc8 25. Nxh7# 1-0

[Event "San Cristobal de La Laguna op-A 6th"]
[Site "San Cristobal de La Laguna"]
[Date "2024.08.26"]
[Round "4"]
[White "Garcia Padron, Jose"]
[Black "Sosa, Tomas"]
[Result "1/2-1/2"]
[WhiteElo "2378"]
[BlackElo "2515"]
[PlyCount "44"]
[EventDate "2024.08.24"]
[EventType "swiss"]
[EventRounds "9"]
[EventCountry "ESP"]
[SourceTitle "CBM 221 Extra"]
[Source "ChessBase"]
[SourceDate "2024.09.30"]
[SourceVersion "1"]
[SourceVersionDate "2024.09.30"]
[SourceQuality "1"]

1. Nf3 Nf6 2. c4 e6 3. b3 d5 4. Bb2 c5 5. e3 a6 6. Be2 Nc6 7. cxd5 exd5 8. d4 Bd6 9. 0-0 0-0 10. dxc5 Bxc5 11. Ba3 b6 12. Bxc5 bxc5 13. Qc2 Qe7 14. Rc1 Ne4 15. Nc3 Nb4 16. Qb2 Rd8 17. a3 Nc6 18. Nxe4 dxe4 19. Nd2 Rb8 20. Nc4 Qb7 21. Rab1 Be6 22. Qc3 Qc7 1/2-1/2

[Event "Vecindario Montalvo Memorial 16th"]
[Site "Vecindario"]
[Date "2024.03.30"]
[Round "8"]
[White "Garcia Padron, Jose"]
[Black "Fiorito, Fabian"]
[Result "0-1"]
[WhiteElo "2385"]
[BlackElo "2251"]
[PlyCount "114"]
[EventDate "2024.03.23"]
[EventType "swiss"]
[EventRounds "9"]
[EventCountry "ESP"]
[SourceTitle "CBM 219 Extra"]
[Source "ChessBase"]
[SourceDate "2024.05.31"]
[SourceVersion "1"]
[SourceVersionDate "2024.05.31"]
[SourceQuality "1"]

1. b3 d5 2. Bb2 Nf6 3. e3 Bf5 4. Bxf6 exf6 5. Nf3 c5 6. d4 Nc6 7. c3 Rc8 8. Bd3 Be6 9. 0-0 a6 10. a3 cxd4 11. cxd4 Be7 12. b4 0-0 13. Nbd2 a5 14. b5 Nb8 15. Qb1 g6 16. Rc1 Nd7 17. Rxc8 Qxc8 18. Qb2 a4 19. e4 Nb6 20. exd5 Bxd5 21. Be4 Rd8 22. Bxd5 Rxd5 23. Ne4 Qc4 24. Rb1 Qd3 25. Nc3 Rd7 26. Rd1 Qc4 27. h4 Rc7 28. Ne4 Qd5 29. Re1 Kg7 30. Ned2 h5 31. Re3 Bf8 32. Qb1 Nc4 33. Nxc4 Rxc4 34. Qb2 Qf5 35. b6 Bd6 36. Qa1 Qc2 37. Qf1 Rc3 38. Re1 Qd3 39. Rd1 Qxf1+ 40. Kxf1 Rxa3 41. Ke2 Rb3 42. Nd2 Rxb6 43. Nc4 Ra6 44. Nxd6 Rxd6 45. Kd3 b5 46. Rb1 Rb6 47. Kc3 Kf8 48. Kb4 Ke7 49. Kc5 Rb8 50. Ra1 Kd7 51. d5 Rb7 52. Ra2 b4 53. Rxa4 b3 54. Ra1 b2 55. Rb1 Rc7+ 56. Kd4 Rc2 57. f4 Rxg2 0-1

[Event "Vecindario Montalvo Memorial 16th"]
[Site "Vecindario"]
[Date "2024.03.27"]
[Round "5"]
[White "Perez Bolanos, David"]
[Black "Garcia Padron, Jose"]
[Result "0-1"]
[WhiteElo "2053"]
[BlackElo "2385"]
[PlyCount "126"]
[EventDate "2024.03.23"]
[EventType "swiss"]
[EventRounds "9"]
[EventCountry "ESP"]
[SourceTitle "CBM 219 Extra"]
[Source "ChessBase"]
[SourceDate "2024.05.31"]
[SourceVersion "1"]
[SourceVersionDate "2024.05.31"]
[SourceQuality "1"]

1. d4 d5 2. c4 dxc4 3. Nf3 Nf6 4. e3 e6 5. Bxc4 c5 6. Nc3 a6 7. 0-0 Nc6 8. Qe2 b5 9. Bb3 Bb7 10. Rd1 Qc7 11. d5 exd5 12. Nxd5 Nxd5 13. Bxd5 Be7 14. b3 0-0 15. Bb2 Rad8 16. e4 Nb4 17. Be5 Qb6 18. Bxb7 Qxb7 19. Bc3 Nc6 20. Qb2 f6 21. Qe2 Rfe8 22. Rxd8 Nxd8 23. Rd1 Bf8 24. e5 Nf7 25. Rd3 Qe7 26. Re3 f5 27. a4 bxa4 28. bxa4 Qe6 29. Nd2 g6 30. Qc4 Bh6 31. Re2 Bg7 32. Qxe6 Rxe6 33. Nc4 g5 34. g3 g4 35. Kg2 h5 36. a5 Ng5 37. Nd6 Nf3 38. Nc4 Kf7 39. h4 Ke7 40. Kf1 Kd7 41. Re3 Kc6 42. Ke2 Re8 43. Nd6 Re6 44. Nc4 Kb5 45. Nd6+ Kc6 46. Nc4 Bh6 47. Rd3 Kb5 48. Nd6+ Ka4 49. Nf7 Bg7 50. Ng5 Re7 51. Nxf3 gxf3+ 52. Kxf3 Bxe5 53. Re3 Bd6 54. Rd3 Re6 55. Rd5 Kb3 56. Bd2 c4 57. Rxf5 Re5 58. Rf6 Rd5 59. Bh6 c3 60. Ke4 Kc4 61. f4 Rd4+ 62. Kf3 c2 63. f5 Kd5 0-1

[Event "San Cristobal de La Laguna op 5th"]
[Site "San Cristobal de La Laguna"]
[Date "2023.09.01"]
[Round "8"]
[White "Mendivil Anton, Daniel"]
[Black "Garcia Padron, Jose"]
[Result "0-1"]
[WhiteElo "2180"]
[BlackElo "2397"]
[PlyCount "88"]
[EventDate "2023.08.26"]
[EventType "swiss"]
[EventRounds "9"]
[EventCountry "ESP"]
[SourceTitle "CBM 216 Extra"]
[Source "ChessBase"]
[SourceDate "2023.11.30"]
[SourceVersion "1"]
[SourceVersionDate "2023.11.30"]
[SourceQuality "1"]

1. d4 Nf6 2. c4 e6 3. Nc3 Bb4 4. f3 d5 5. a3 Bxc3+ 6. bxc3 c6 7. e3 Nbd7 8. Bd3 0-0 9. Ne2 e5 10. cxd5 cxd5 11. Ng3 Re8 12. 0-0 h5 13. Ra2 Qc7 14. Raf2 Qxc3 15. Bb2 Qc7 16. Bb5 h4 17. Nf5 e4 18. fxe4 Rxe4 19. h3 Re6 20. Bd3 Nf8 21. Nxh4 Rb6 22. Rc2 Qe7 23. Bc1 Bd7 24. Nf3 Ba4 25. Ne5 N8d7 26. Nxd7 Qxd7 27. Qf3 Bxc2 28. Bxc2 Qe7 29. Qf5 Rc6 30. Bd2 Rac8 31. Ba4 R6c7 32. Bb3 Qe6 33. Qf4 a6 34. Kh2 Rc6 35. Bb4 b6 36. Ba4 b5 37. Bb3 Rd8 38. Qg5 Rcc8 39. Rf5 Rd7 40. Re5 Qc6 41. h4 Rcd8 42. Be7 Nh7 43. Qf5 Re8 44. Bc2 g6 0-1

[Event "San Cristobal de La Laguna op 5th"]
[Site "San Cristobal de La Laguna"]
[Date "2023.08.29"]
[Round "5"]
[White "Abderrahim Taleb, Mohamed"]
[Black "Garcia Padron, Jose"]
[Result "0-1"]
[WhiteElo "2096"]
[BlackElo "2397"]
[PlyCount "86"]
[EventDate "2023.08.26"]
[EventType "swiss"]
[EventRounds "9"]
[EventCountry "ESP"]
[SourceTitle "CBM 216 Extra"]
[Source "ChessBase"]
[SourceDate "2023.11.30"]
[SourceVersion "1"]
[SourceVersionDate "2023.11.30"]
[SourceQuality "1"]

1. e4 e5 2. Nf3 Nf6 3. Nxe5 d6 4. Nf3 Nxe4 5. Nc3 Nxc3 6. dxc3 Be7 7. Be3 0-0 8. Qd2 Nc6 9. 0-0-0 Re8 10. h4 Ne5 11. Nxe5 dxe5 12. Bc4 Qxd2+ 13. Rxd2 Kf8 14. f3 Rd8 15. Rxd8+ Bxd8 16. Bc5+ Kg8 17. Bf2 Bf6 18. Rd1 h5 19. a4 Bf5 20. a5 a6 21. Bd5 c6 22. Be4 Bxe4 23. fxe4 Rd8 24. Rd3 Kf8 25. g3 Ke8 26. Kd2 Ke7 27. Bc5+ Ke6 28. Ke2 Be7 29. Bxe7 Kxe7 30. Kf3 Rd6 31. c4 Ke6 32. c5 Rd7 33. g4 hxg4+ 34. Kxg4 g6 35. Kg5 Rd4 36. Rxd4 exd4 37. Kf4 f6 38. c3 g5+ 39. hxg5 fxg5+ 40. Kf3 dxc3 41. bxc3 Ke5 42. Kg4 Kxe4 43. Kxg5 Kd5 0-1

[Event "San Cristobal de La Laguna op 5th"]
[Site "San Cristobal de La Laguna"]
[Date "2023.08.27"]
[Round "2"]
[White "Lemstra, Bart"]
[Black "Garcia Padron, Jose"]
[Result "0-1"]
[WhiteElo "1940"]
[BlackElo "2397"]
[PlyCount "76"]
[EventDate "2023.08.26"]
[EventType "swiss"]
[EventRounds "9"]
[EventCountry "ESP"]
[SourceTitle "CBM 216 Extra"]
[Source "ChessBase"]
[SourceDate "2023.11.30"]
[SourceVersion "1"]
[SourceVersionDate "2023.11.30"]
[SourceQuality "1"]

1. Nf3 Nf6 2. c4 e6 3. g3 b6 4. Bg2 Bb7 5. 0-0 c5 6. Nc3 d6 7. d4 cxd4 8. Qxd4 Be7 9. Rd1 0-0 10. b3 Nbd7 11. e4 Nc5 12. e5 dxe5 13. Qxd8 Rfxd8 14. Nxe5 Rxd1+ 15. Nxd1 Nfe4 16. Be3 Bf6 17. f4 Nd3 18. Nf2 Nxe5 19. fxe5 Bxe5 20. Re1 Nd6 21. Bxb7 Nxb7 22. Rd1 Rd8 23. Rxd8+ Nxd8 24. Nd3 Bc3 25. a4 Nc6 26. c5 bxc5 27. Bxc5 a5 28. Kf1 f5 29. Ke2 e5 30. Nc1 e4 31. Ke3 Kf7 32. Ne2 Be5 33. Nd4 Nxd4 34. Bxd4 Bxd4+ 35. Kxd4 Ke6 36. g4 fxg4 37. Kxe4 h5 38. Kd4 Kd6 0-1

[Event "San Cristobal de La Laguna op 4th"]
[Site "San Cristobal de La Laguna"]
[Date "2022.08.28"]
[Round "3"]
[White "Garcia Padron, Jose"]
[Black "Sumets, Andrey"]
[Result "1-0"]
[WhiteElo "2410"]
[BlackElo "2547"]
[PlyCount "127"]
[EventDate "2022.08.27"]
[EventType "swiss"]
[EventRounds "9"]
[EventCountry "ESP"]
[SourceTitle "CBM 210 Extra"]
[Source "ChessBase"]
[SourceDate "2022.11.30"]
[SourceVersion "1"]
[SourceVersionDate "2022.11.30"]
[SourceQuality "1"]

1. d4 Nf6 2. Nf3 d5 3. Bf4 c5 4. e3 Nc6 5. Be2 cxd4 6. Nxd4 e6 7. 0-0 Be7 8. c4 0-0 9. Nc3 Nxd4 10. Qxd4 dxc4 11. Qxc4 Bd7 12. Bf3 Rc8 13. Qb3 Bc6 14. Bxc6 bxc6 15. Qb7 Qd7 16. Qa6 Ra8 17. e4 Qc8 18. Qe2 Qb7 19. Rac1 Rfd8 20. Rc2 Nd7 21. Rfc1 Nb6 22. Nb1 Rac8 23. Nd2 Na4 24. b3 Nb6 25. Nc4 c5 26. Be5 Nxc4 27. Rxc4 Qd7 28. g3 h6 29. Qb2 Bf8 30. Qc2 a5 31. Bc3 Ra8 32. Ra4 Qb5 33. Rd1 Be7 34. Rxd8+ Bxd8 35. Rc4 Be7 36. Bd2 h5 37. Be3 Rc8 38. h4 g6 39. Kg2 Qb7 40. f3 Qb5 41. Qc3 Bf8 42. Bf2 Rd8 43. Qc2 Qd7 44. Ra4 Qb5 45. Rc4 Qd7 46. Be1 Ra8 47. Bc3 Qc7 48. Bb2 Rd8 49. Qc3 e5 50. Qe1 Bh6 51. Bc3 Rd3 52. Qe2 Rd8 53. Ra4 Qd7 54. Bxa5 Ra8 55. Qc2 c4 56. Bc3 Rxa4 57. bxa4 Qd6 58. Qb2 f6 59. Qb7 Qd3 60. Qd5+ Qxd5 61. exd5 Be3 62. a5 Kf7 63. a6 f5 64. Bxe5 1-0

[Event "La Palma Island op"]
[Site "Santa Cruz de La Palma"]
[Date "2019.08.11"]
[Round "4"]
[White "Garcia Padron, Jose"]
[Black "Roeder, Matthias"]
[Result "0-1"]
[WhiteElo "2415"]
[BlackElo "2373"]
[PlyCount "84"]
[EventDate "2019.08.09"]
[EventType "swiss"]
[EventRounds "10"]
[EventCountry "ESP"]
[SourceTitle "CBM 191 Extra"]
[Source "ChessBase"]
[SourceDate "2019.09.30"]
[SourceVersion "1"]
[SourceVersionDate "2019.09.30"]
[SourceQuality "1"]

1. e4 c5 2. Nc3 d6 3. g3 Nc6 4. Bg2 g6 5. d3 Bg7 6. Nge2 e6 7. Be3 Nd4 8. 0-0 Ne7 9. Qd2 Qa5 10. Nc1 Bd7 11. Rb1 Nec6 12. a3 Rc8 13. Qd1 0-0 14. Bf4 Ne5 15. Bd2 b5 16. f4 Nec6 17. N3a2 b4 18. c3 b3 19. Nxb3 Nxb3 20. Qxb3 Rb8 21. Qc2 Rfc8 22. Kh1 Qa6 23. Nc1 Ne7 24. Ne2 c4 25. dxc4 Qxc4 26. Be3 Qa6 27. Qd2 Bb5 28. Bf3 d5 29. e5 Nf5 30. Bf2 Bd3 31. Rbd1 Be4 32. Bd4 h5 33. h3 Qxe2 34. Qxe2 Nxg3+ 35. Kh2 Nxe2 36. Bxe2 Rxb2 37. Rf2 Bf8 38. Bxa7 Bc5 39. Bxc5 Rxc5 40. Kg1 Rxc3 41. Bf1 Rxf2 42. Kxf2 Rxa3 0-1